| 000 | 00964nam a2200265Ia 4500 | ||
|---|---|---|---|
| 003 | OSt | ||
| 005 | 20220923211459.0 | ||
| 006 | a|||||r|||| 00| 0 | ||
| 007 | ta | ||
| 008 | 220922b |||||||| |||| 00| 0 hin d | ||
| 020 |
_a9789351868248 (hbk) _c400 |
||
| 024 | _a354,017 | ||
| 037 |
_bG-941/21-22, 28/12/2021, hinohar Publisher & Distributors _cTextual |
||
| 040 |
_aARTS _cARTS _bhin |
||
| 041 |
_2hin _ahin |
||
| 082 | _aY:382.2, 152Q8 | ||
| 100 |
_aके. वी. सिंह, ले. _9160592 |
||
| 245 | 0 | _aतिरंगे की गौरव गाथा | |
| 246 | _aTirange kī gaurav gāthā | ||
| 260 |
_aदिल्ली _b प्रभात प्रकाशन _c2018 |
||
| 300 |
_a194पृ. _ccm. |
||
| 650 | _aसमाजशास्त्र | ||
| 942 |
_hY:382.2, 152Q8 _cTEXL _2CC |
||
| 999 |
_c299965 _d299965 |
||